000 00962nam a2200301Ic 4500
001 57929
003 CO-BoRNBP
005 20250812204959.0
007 ta
008 180109s9999 xx 000 0 und d
020 _a9788424635725
040 _aCO-BoRNBP
_bspa
_erda
_cCO-BoRNBP
041 _aspa
084 _aA
100 _aComotto, Agustín
_eaut
_962059
245 1 3 _aEl secreto de las jirafas /
_cAgustín Comotto ; edición David Monserrat.
250 _aPrimera edición
264 1 _aBarcelona, España :
_bLa Galera;2011,
_c2011
300 _a[26] páginas :
_bilustraciones en color
336 _atexto
_btxt
_2rdacontent
337 _asin mediación
_bn
_2rdamedia
338 _avolumen
_bnc
_2rdacarrier
650 0 7 _aAnimales - Cuentos Infantiles
_2lemb
_920047
650 0 7 _aAutores Argentinos - Siglo XX
_2lemb
_92228
650 0 4 _aLiteratura infantil argentina
_2LEMB
_92511
700 _aMonserrat, David, editor
_962060
942 _2loc
_cBK
999 _c57929
_d57929